Strategická analýza ako nástroj identifikácie rizík v podniku diplomová práca

Saved in:
Bibliographic Details
Main Author: Acs, Zoltán
Corporate Author: Fakulta podnikového manažmentu EU. Katedra podnikovohospodárska
Other Authors: Rybárová, Daniela, 1967-
Format: Book
Language:Slovak
Published: Bratislava 2024
Tags: Add Tag
No Tags, Be the first to tag this record!

MARC

LEADER 00000nbm a2200000 4500
001 0301021
005 20250207090319.2
041 0 |a slo 
044 |a SK 
245 1 0 |a Strategická analýza ako nástroj identifikácie rizík v podniku  |b diplomová práca  |c Zoltán Acs ; školiteľ: Daniela Rybárová 
264 1 |a Bratislava  |c 2024 
300 |a 80 s. 
100 1 |a Acs, Zoltán 
700 1 |a Rybárová, Daniela, 1967- 
710 2 |a Fakulta podnikového manažmentu EU. Katedra podnikovohospodárska